| 000 | 00773nam a2200241Ia 4500 | ||
|---|---|---|---|
| 003 | OSt | ||
| 005 | 20220926022049.0 | ||
| 006 | a|||||r|||| 00| 0 | ||
| 007 | ta | ||
| 008 | 220923b |||||||| |||| 00| 0 eng d | ||
| 037 | _cGeneral Book | ||
| 040 |
_aRTL _cRTL _beng |
||
| 041 |
_2eng _aeng |
||
| 082 | _aV1N45,93:3.N83r, M3.3-5/UN | ||
| 110 |
_aUnited Nations, General assembly. _999298 |
||
| 245 | 0 |
_aFinancial report and audited financial statements _b Report of the board of auditors. |
|
| 260 |
_aNew York _bUnited Nations _c1984 |
||
| 300 |
_av; 18p. _ccm. |
||
| 490 | _aSupplement no.5 | ||
| 700 |
_aUnited Nations, General assembly. _999299 |
||
| 942 |
_hV1N45,93:3.N83r, M3.3-5/UN _cGB _2CC |
||
| 999 |
_c638389 _d638389 |
||